000 00686nas a2200229 4500
001 BR6500034
003 BR-BrBNA
005 20231205082212.0
007 ta
008 230509b bl.|||p| |||| 00| 00por d
040 _aBR-BrBNA
_bpor
_cBiblioteca Nacional de Agricultura
041 _a(Pt)
072 _aS10
100 1 _aVerlengia, F.
245 1 _aComponentes volateis da banana [Aroma; Musa sp]
650 _aComposicao de alimento
650 _aBanana
650 _aAroma
773 0 _tBoletim do Centro Tropical de Pesquisas e Tecnologia de Alimentos (Brazil)
_x
_g(Dec 1965), (no. 5) p. 5-17
_wBR6500034
909 _a202311
_bLúcia
_c55
_dLúcia Elande
942 _2AGRIS
_n0
_cANA
999 _c89935
_d89935